Country Border Chain #1 - Statistics

General Stats
  • This quiz has been taken 50 times
  • The average score is 12 of 15
Answer Stats
Border Country % Correct
Start with Chad Chad
100%
Borders Chad with [L]? Libya
93%
Borders Libya with [E]? Egypt
91%
Borders Egypt with [I]? Israel
89%
Borders Israel with [S]? Syria
89%
Borders Syria with [T]? Turkey
82%
Borders Hungary with [A]? Austria
80%
Borders Turkey with [B]? Bulgaria
80%
Borders Serbia with [H]? Hungary
80%
Borders Bulgaria with [S]? Serbia
80%
Borders Poland with [B]? Belarus
76%
Borders Austria with [G]? Germany
76%
Borders Germany with [P]? Poland
76%
Borders Belarus with [R]? Russia
76%
Lastly, borders Russia with [A]? Azerbaijan
73%
No matching quizzes found
Score Distribution
Percent of People with Each Score
Percentile by Number Answered
Your Score History
You have not taken this quiz